[Event "Teplice op 4th"]
[Site "Teplice"]
[Date "2009.06.19"]
[Round "7"]
[White "Machalek, Bedrich"]
[Black "Horak, Jiri"]
[Result "0-1"]
[WhiteElo "2051"]
[BlackElo "2261"]
[PlyCount "86"]
[EventDate "2009.06.13"]
[EventType "swiss"]
[EventRounds "9"]
[EventCountry "CZE"]
[SourceTitle "CBM 130 Extra"]
[Source "ChessBase"]
[SourceDate "2009.07.02"]
[SourceVersion "2"]
[SourceVersionDate "2009.07.15"]
[SourceQuality "1"]

1. e4 c5 2. c3 Nc6 3. Nf3 d5 4. e5 Bg4 5. Bb5 Rc8 6. h3 Bh5 7. 0-0 e6 8. Re1 Nge7 9. b3 a6 10. Be2 Qc7 11. d4 cxd4 12. cxd4 Bxf3 13. Bxf3 Nf5 14. Bb2 Qb6 15. Bxd5 exd5 16. e6 fxe6 17. Rxe6+ Kd7 18. Re2 Bd6 19. Rd2 Kc7 20. Nc3 Nce7 21. Na4 Qb5 22. Nc5 Kb8 23. a4 Qe8 24. Ba3 Qg6 25. Qe2 Rhe8 26. Nd7+ Ka7 27. Ne5 Bxe5 28. Qxe5 Qf6 29. Qxf6 gxf6 30. a5 Nc6 31. Bc5+ Kb8 32. f3 Re3 33. Rb1 Nxa5 34. Rdb2 Rce8 35. Kf2 Rd3 36. b4 Nc4 37. Re2 Rxe2+ 38. Kxe2 Rd2+ 39. Kf1 Ng3+ 40. Kg1 Ne2+ 41. Kh2 Nxd4 42. f4 b6 43. Be7 Ne3 0-1

[Event "Imperia op-A 44th"]
[Site "Imperia"]
[Date "2002.09.06"]
[Round "7"]
[White "Diana, Riccardo"]
[Black "Machalek, Bedrich"]
[Result "0-1"]
[WhiteElo "2134"]
[BlackElo "2032"]
[PlyCount "74"]
[EventDate "2002.09.01"]
[EventType "swiss"]
[EventRounds "9"]
[EventCountry "ITA"]
[SourceTitle "EXT 2007"]
[Source "ChessBase"]
[SourceDate "2006.11.23"]
[SourceVersion "1"]
[SourceVersionDate "2006.11.23"]
[SourceQuality "1"]

1. e4 c5 2. c3 e6 3. d4 d5 4. exd5 Qxd5 5. Nf3 Nc6 6. Na3 a6 7. Nc2 Nf6 8. Bd3 cxd4 9. cxd4 Bd6 10. 0-0 Qh5 11. Be2 g5 12. Bxg5 Bxh2+ 13. Nxh2 Qxg5 14. f4 Qg7 15. Bf3 Rg8 16. Qe2 Kf8 17. Bxc6 bxc6 18. Rf2 Nd5 19. Qe5 Qxe5 20. fxe5 Rb8 21. b3 a5 22. Na3 Ba6 23. Nc4 Bxc4 24. bxc4 Ne3 25. Rc1 Rb4 26. Nf1 Nf5 27. d5 Nd4 28. Nd2 cxd5 29. cxd5 exd5 30. Rc5 Rb5 31. Rxb5 Nxb5 32. e6 Rg7 33. Nb3 a4 34. Nc5 a3 35. Rf3 Nd4 36. Rd3 Nxe6 37. Rxd5 Rxg2+ 0-1

[Event "Staufer op 14th"]
[Site "Schwaebisch Gmuend"]
[Date "2002.??.??"]
[Round "4"]
[White "Kunz, Konstantin"]
[Black "Machalek, Bedrich"]
[Result "1-0"]
[WhiteElo "2201"]
[BlackElo "2042"]
[PlyCount "53"]
[EventDate "2002.02.??"]
[EventType "swiss"]
[EventRounds "9"]
[EventCountry "GER"]
[SourceTitle "EXT 2003"]
[Source "ChessBase"]
[SourceDate "2002.11.25"]
[SourceVersion "1"]
[SourceVersionDate "2002.11.25"]
[SourceQuality "1"]

1. d4 Nf6 2. Nf3 e6 3. Bg5 d5 4. e3 c5 5. Nbd2 Nc6 6. c3 a6 7. Bd3 Be7 8. 0-0 c4 9. Bc2 b5 10. Ne5 Bb7 11. f4 h5 12. h3 Nd7 13. Bxe7 Nxe7 14. e4 Nf6 15. f5 dxe4 16. fxe6 fxe6 17. Qe2 Nf5 18. Nxe4 Nxd4 19. Nxf6+ gxf6 20. Bg6+ Ke7 21. cxd4 Qxd4+ 22. Kh1 Rag8 23. Rad1 Qxe5 24. Qxe5 Bxg2+ 25. Kxg2 fxe5 26. Rf7+ Ke8 27. Rg7+ 1-0

[Event "Staufer op 14th"]
[Site "Schwaebisch Gmuend"]
[Date "2002.??.??"]
[Round "3"]
[White "Machalek, Bedrich"]
[Black "Lorscheid, Gerhard"]
[Result "0-1"]
[WhiteElo "2042"]
[BlackElo "2305"]
[PlyCount "74"]
[EventDate "2002.02.??"]
[EventType "swiss"]
[EventRounds "9"]
[EventCountry "GER"]
[SourceTitle "EXT 2003"]
[Source "ChessBase"]
[SourceDate "2002.11.25"]
[SourceVersion "1"]
[SourceVersionDate "2002.11.25"]
[SourceQuality "1"]

1. e4 d6 2. d4 g6 3. f4 Bg7 4. Nf3 Nf6 5. Bd3 0-0 6. 0-0 c5 7. d5 c4 8. Bxc4 Nxe4 9. c3 Qb6+ 10. Nd4 Nd7 11. Bb3 Ndf6 12. h3 Ng3 13. Rf3 Nf5 14. Kh2 Nxd4 15. Qxd4 Ng4+ 16. hxg4 Bxd4 17. cxd4 Bxg4 18. Rd3 Qb5 19. Rg3 Qf1 20. Nc3 h5 21. Bc2 Qf2 22. Bb3 Qxd4 23. Be3 Qf6 24. Kg1 Rfc8 25. Rc1 Rc7 26. Rc2 Rac8 27. Ne4 Qf5 28. Rxc7 Rxc7 29. Nf2 Qb1+ 30. Kh2 Bf5 31. Bxa7 Qxb2 32. Bb6 Rc1 33. Nh3 h4 34. Rf3 Bxh3 35. Rxh3 Qa1 36. Rxh4 Rh1+ 37. Kg3 Qc3+ 0-1

[Event "Imperia op-A 43rd"]
[Site "Imperia"]
[Date "2001.09.04"]
[Round "4"]
[White "Machalek, Bedrich"]
[Black "Faraci, Antonino"]
[Result "1-0"]
[WhiteElo "2056"]
[BlackElo "2115"]
[PlyCount "47"]
[EventDate "2001.09.02"]
[EventType "swiss"]
[EventRounds "9"]
[EventCountry "ITA"]
[SourceTitle "CBM 084 Extra"]
[Source "ChessBase"]
[SourceDate "2001.10.26"]
[SourceVersion "1"]
[SourceVersionDate "2001.10.26"]
[SourceQuality "1"]

1. e4 c5 2. c3 a6 3. d4 cxd4 4. cxd4 d5 5. e5 e6 6. a3 Nc6 7. Nf3 Bd7 8. Bd3 b5 9. Nc3 Qb6 10. Be3 g6 11. 0-0 Bg7 12. Ng5 h6 13. Nxf7 Kxf7 14. Qf3+ Ke7 15. Bxg6 Be8 16. Bxe8 Rxe8 17. Qxd5 exd5 18. Nxd5+ Ke6 19. Nxb6 Nge7 20. f4 h5 21. Rac1 Nb8 22. Rc7 Rhg8 23. Bd2 Rd8 24. Bc3 1-0

[Event "Filseck op 5th"]
[Site "Filseck"]
[Date "2001.??.??"]
[Round "?"]
[White "Machalek, Bedrich"]
[Black "Fleischer, Frank"]
[Result "1-0"]
[WhiteElo "2050"]
[BlackElo "2105"]
[PlyCount "77"]
[EventDate "2001.??.??"]
[EventType "swiss"]
[EventRounds "7"]
[EventCountry "GER"]
[SourceTitle "EXT 2006"]
[Source "ChessBase"]
[SourceDate "2005.11.24"]
[SourceVersion "1"]
[SourceVersionDate "2005.11.24"]
[SourceQuality "1"]

1. e4 e6 2. d4 d5 3. e5 c5 4. c3 Nc6 5. Nf3 Qb6 6. a3 a5 7. Bd3 cxd4 8. cxd4 Bd7 9. Bc2 f6 10. exf6 Nxf6 11. Nc3 Bd6 12. 0-0 0-0 13. Rb1 Be8 14. Qe2 Bf7 15. Nb5 Bb8 16. Bd2 Re8 17. Bc3 Bh5 18. a4 Nb4 19. Bxb4 axb4 20. Qd3 Bg6 21. Qd2 Bxc2 22. Qxc2 Ne4 23. b3 Nd6 24. Nxd6 Bxd6 25. Qd3 Be7 26. Ne5 Rac8 27. Rbc1 Rc7 28. Qf3 Bf6 29. Qh5 Rec8 30. Nd7 Qd6 31. Rxc7 Qxc7 32. Nxf6+ gxf6 33. Qg4+ Kf7 34. Re1 Qd6 35. h4 Rg8 36. Qh5+ Kg7 37. Re3 Rc8 38. Rg3+ Kh8 39. Qf7 1-0

[Event "CZE-chT2b 0001"]
[Site "Czech Republic"]
[Date "2001.??.??"]
[Round "?"]
[White "Machalek, Bedrich"]
[Black "Kansky, Pavel"]
[Result "0-1"]
[WhiteElo "2055"]
[BlackElo "2125"]
[PlyCount "114"]
[EventDate "2000.??.??"]
[EventType "team"]
[EventRounds "11"]
[EventCountry "CZE"]
[SourceTitle "EXT 2003"]
[Source "ChessBase"]
[SourceDate "2002.11.25"]
[SourceVersion "1"]
[SourceVersionDate "2002.11.25"]
[SourceQuality "1"]

1. e4 c5 2. c3 d5 3. e5 Nc6 4. d4 cxd4 5. cxd4 Qb6 6. Ne2 Bf5 7. a3 e6 8. Nbc3 Nge7 9. Na4 Qc7 10. Ng3 Bg6 11. Be3 Nf5 12. Nxf5 Bxf5 13. Rc1 Be7 14. Bd3 Bxd3 15. Qxd3 Qd7 16. Nc5 Bxc5 17. Rxc5 0-0 18. 0-0 b6 19. Rc3 Na5 20. b3 Rac8 21. Rfc1 Rxc3 22. Qxc3 Qb5 23. Bg5 Qxb3 24. Qc7 Nc4 25. Qxa7 Qb2 26. Rd1 Qc2 27. Rf1 h6 28. Be7 Re8 29. Qd7 Ra8 30. Qc6 Qa4 31. Qxa4 Rxa4 32. Rb1 Ra7 33. Bb4 Nxa3 34. Ra1 Nb5 35. Rxa7 Nxa7 36. Ba3 Nc6 37. Bb2 Kf8 38. Kf1 Ke7 39. Ke2 Kd7 40. Kd3 f6 41. f4 fxe5 42. fxe5 b5 43. h4 h5 44. Ke3 Na5 45. Bc3 Nc6 46. Kf4 b4 47. Bb2 Na5 48. Kg5 Nc4 49. Ba1 Ke7 50. Kxh5 Kf7 51. g4 b3 52. g5 g6+ 53. Kh6 Ne3 54. Kh7 Nf5 55. h5 gxh5 56. g6+ Ke7 57. Bb2 h4 0-1

[Event "Imperia op-A 42nd"]
[Site "Imperia"]
[Date "2000.09.10"]
[Round "9"]
[White "Melich, Jindrich"]
[Black "Machalek, Bedrich"]
[Result "1-0"]
[WhiteElo "2150"]
[BlackElo "2055"]
[PlyCount "95"]
[EventDate "2000.09.03"]
[EventType "swiss"]
[EventRounds "9"]
[EventCountry "ITA"]
[SourceTitle "EXT 2001"]
[Source "ChessBase"]
[SourceDate "2000.11.22"]
[SourceVersion "1"]
[SourceVersionDate "2000.11.22"]
[SourceQuality "1"]

1. b4 e5 2. Bb2 d6 3. c4 Be6 4. e3 Nd7 5. Nf3 c6 6. Be2 Be7 7. d4 e4 8. Nfd2 d5 9. b5 f5 10. Nc3 Ngf6 11. g3 0-0 12. Qb3 Qa5 13. 0-0 Qb4 14. c5 Qa5 15. Qa4 Qc7 16. bxc6 bxc6 17. Ba3 a5 18. Rab1 Rab8 19. Rxb8 Nxb8 20. Rb1 Bc8 21. Qb3 Nbd7 22. Na4 h5 23. Bb2 Kh7 24. Bc3 h4 25. Nb6 hxg3 26. fxg3 g5 27. Bxa5 f4 28. exf4 gxf4 29. gxf4 Nxb6 30. cxb6 Qxf4 31. Nf1 Bd6 32. Be1 Rg8+ 33. Bg3 Bh3 34. Kh1 Qg5 35. b7 Ng4 36. Bxg4 Qxg4 37. Qe3 Rf8 38. Nd2 Bf4 39. Qxf4 Rxf4 40. b8Q Qe2 41. Qc7+ Kg6 42. Qxc6+ Rf6 43. Qe8+ Kg5 44. Rg1 Rf1 45. Qg8+ Kh5 46. Qh7+ Kg5 47. Bh4+ Kf4 48. Bg5# 1-0

[Event "Imperia op-A 42nd"]
[Site "Imperia"]
[Date "2000.09.08"]
[Round "6"]
[White "Machalek, Bedrich"]
[Black "Cugini, Verter"]
[Result "0-1"]
[WhiteElo "2055"]
[BlackElo "2154"]
[PlyCount "144"]
[EventDate "2000.09.03"]
[EventType "swiss"]
[EventRounds "9"]
[EventCountry "ITA"]
[SourceTitle "EXT 2001"]
[Source "ChessBase"]
[SourceDate "2000.11.22"]
[SourceVersion "1"]
[SourceVersionDate "2000.11.22"]
[SourceQuality "1"]

1. e4 e6 2. d4 d5 3. e5 c5 4. c3 Nc6 5. Nf3 Qb6 6. a3 c4 7. Be2 Na5 8. Nbd2 Bd7 9. 0-0 Ne7 10. Qe1 Ba4 11. Bd1 Nb3 12. Nxb3 Bxb3 13. Nd2 Bxd1 14. Qxd1 Nc6 15. Re1 Be7 16. Rb1 0-0-0 17. b3 cxb3 18. Rxb3 Qa6 19. Qc2 Kb8 20. Nf3 Na5 21. Rb1 Nc4 22. a4 h6 23. Ra1 Rd7 24. Bf4 Bd8 25. Reb1 Ba5 26. Qd3 Qc6 27. Rb5 b6 28. Rab1 Ka8 29. Ra1 Rc7 30. h4 Qe8 31. Nd2 Nxd2 32. Bxd2 Rc4 33. f4 g5 34. Kf2 h5 35. g3 Qc6 36. Ra3 Rc8 37. Rbb3 Rxa4 38. Ke3 Rxa3 39. Rxa3 Qb7 40. Qb5 a6 41. Qb2 Ka7 42. Kd3 Rc4 43. Qa1 Qd7 44. Be1 Qb5 45. Ke3 Rc7 46. Bd2 Kb7 47. Qc1 Kc8 48. Qa1 Kd8 49. Qc1 Ke7 50. Qa1 Kd8 51. Qc1 Ke7 52. Qa1 f6 53. exf6+ Kxf6 54. Qc1 Kg7 55. Qa1 Rc4 56. Qa2 Qd7 57. Qc2 Qe7 58. Qa2 Qf8 59. Ra4 Bxc3 60. Rxc4 Bxd2+ 61. Kxd2 dxc4 62. Qxc4 Qd6 63. Qxa6 Qxd4+ 64. Ke2 Kf6 65. Qc8 Kf5 66. Qe8 Qe4+ 67. Kd2 Kg4 68. Qe7 Kxg3 69. Qxg5+ Kf3 70. Kc3 Qe3+ 71. Kb2 Qd4+ 72. Kb1 Qb4+ 0-1

[Event "Imperia op-A 42nd"]
[Site "Imperia"]
[Date "2000.09.07"]
[Round "5"]
[White "Schmitt, Thomas"]
[Black "Machalek, Bedrich"]
[Result "1-0"]
[WhiteElo "2220"]
[BlackElo "2055"]
[PlyCount "125"]
[EventDate "2000.09.03"]
[EventType "swiss"]
[EventRounds "9"]
[EventCountry "ITA"]
[SourceTitle "EXT 2001"]
[Source "ChessBase"]
[SourceDate "2000.11.22"]
[SourceVersion "1"]
[SourceVersionDate "2000.11.22"]
[SourceQuality "1"]

1. e4 c5 2. Nf3 e6 3. c3 Nc6 4. d4 cxd4 5. cxd4 Nf6 6. e5 Ne4 7. Bd3 Bb4+ 8. Nbd2 f5 9. 0-0 d5 10. exd6 Nxd2 11. Bxd2 Bxd6 12. Re1 0-0 13. Bc4 Bc7 14. Bc3 Qd6 15. Qd2 a6 16. d5 exd5 17. Bxd5+ Kh8 18. Qg5 Qg6 19. Qxg6 hxg6 20. Bxc6 bxc6 21. Re7 Ra7 22. Bxg7+ Kg8 23. Bxf8 Kxf8 24. Re2 Kf7 25. Ne5+ Bxe5 26. Rxe5 Be6 27. a3 a5 28. Rae1 Bd5 29. h4 Kf6 30. R5e2 Rh7 31. f3 Rxh4 32. Rd2 g5 33. Red1 Ke5 34. Kf2 g4 35. f4+ Kd6 36. Re1 g3+ 37. Ke3 Rh2 38. b4 axb4 39. axb4 Rh7 40. Kd4 Ra7 41. Rf1 Rh7 42. Rd3 Bxg2 43. Rg1 Bh3 44. Rdxg3 Bg4 45. Rxg4 fxg4 46. Rxg4 Rh6 47. f5 Rh1 48. Rg6+ Kc7 49. Ke5 Re1+ 50. Kf6 Re4 51. Kg7 Rxb4 52. f6 Rf4 53. f7 Kb6 54. Rf6 Rg4+ 55. Kh7 Rh4+ 56. Kg7 Rg4+ 57. Kh6 Rh4+ 58. Kg5 Rh8 59. f8Q Rxf8 60. Rxf8 c5 61. Kf4 Kb5 62. Ke3 Kb4 63. Kd2 1-0

[Event "Imperia op-A 42nd"]
[Site "Imperia"]
[Date "2000.09.05"]
[Round "3"]
[White "Barlocco, Carlo"]
[Black "Machalek, Bedrich"]
[Result "1-0"]
[WhiteElo "2125"]
[BlackElo "2055"]
[PlyCount "109"]
[EventDate "2000.09.03"]
[EventType "swiss"]
[EventRounds "9"]
[EventCountry "ITA"]
[SourceTitle "EXT 2001"]
[Source "ChessBase"]
[SourceDate "2000.11.22"]
[SourceVersion "1"]
[SourceVersionDate "2000.11.22"]
[SourceQuality "1"]

1. c4 Nf6 2. g3 c6 3. Bg2 d5 4. d4 Bf5 5. Nc3 e6 6. Nf3 Bb4 7. 0-0 0-0 8. Qb3 Qe7 9. Bf4 Nh5 10. Be5 f6 11. Bxb8 Raxb8 12. h3 Bxc3 13. Qxc3 Be4 14. b4 f5 15. Ne5 Bxg2 16. Kxg2 f4 17. g4 f3+ 18. Nxf3 Nf4+ 19. Kh2 Nxe2 20. Qe3 Nf4 21. c5 Rf6 22. Rg1 Rbf8 23. Rg3 Ng6 24. Rb1 Rf4 25. b5 Qf6 26. bxc6 bxc6 27. Rb3 h6 28. Qd3 Re4 29. Qa6 Nf4 30. Re3 Ng6 31. Qxc6 Rxe3 32. fxe3 Rb8 33. Qa4 Rb2+ 34. Rg2 Rb1 35. Qc2 Rf1 36. Rf2 Rxf2+ 37. Qxf2 e5 38. Kg2 e4 39. Ne5 Ne7 40. Nd7 Qxf2+ 41. Kxf2 Kf7 42. Ne5+ Ke6 43. h4 Nc8 44. h5 Ne7 45. Ng6 Ng8 46. Nf4+ Kd7 47. Nxd5 Kc6 48. Nc3 Nf6 49. Kg3 a6 50. Kf4 a5 51. a4 Kc7 52. d5 Kd7 53. c6+ Kd6 54. Nxe4+ Kxd5 55. c7 1-0

[Event "Imperia op-A 42nd"]
[Site "Imperia"]
[Date "2000.09.03"]
[Round "1"]
[White "Kljako, Damir"]
[Black "Machalek, Bedrich"]
[Result "1-0"]
[WhiteElo "2258"]
[BlackElo "2055"]
[PlyCount "85"]
[EventDate "2000.09.03"]
[EventType "swiss"]
[EventRounds "9"]
[EventCountry "ITA"]
[SourceTitle "EXT 2001"]
[Source "ChessBase"]
[SourceDate "2000.11.22"]
[SourceVersion "1"]
[SourceVersionDate "2000.11.22"]
[SourceQuality "1"]

1. d4 Nf6 2. Nf3 e6 3. Bg5 c5 4. c3 d5 5. e3 a6 6. a4 Nc6 7. Nbd2 Be7 8. Bd3 b6 9. 0-0 Bb7 10. h3 0-0 11. Qe2 c4 12. Bc2 b5 13. e4 dxe4 14. Nxe4 Nxe4 15. Qxe4 g6 16. Bxe7 Qxe7 17. Qf4 Kg7 18. Rfe1 Rad8 19. axb5 axb5 20. Be4 Ra8 21. Rxa8 Rxa8 22. Ne5 Nd8 23. Bxb7 Nxb7 24. Ng4 f6 25. Qh6+ Kg8 26. Qe3 Ra6 27. Qf3 f5 28. Nf6+ Kg7 29. Nd5 Qd7 30. Nb4 Rd6 31. Qf4 Nd8 32. Qe5+ Kg8 33. Ra1 h6 34. Ra5 Rb6 35. Ra8 Kh7 36. Qf6 Rd6 37. Qe5 Nf7 38. Qc5 Kg7 39. Ra7 Qd8 40. Nc6 Qf8 41. Ne5 Rd5 42. Qc7 Rxe5 43. Qxe5+ 1-0

[Event "Imperia op-A 41st"]
[Site "Imperia"]
[Date "1999.09.03"]
[Round "7.29"]
[White "Machalek, Bedrich"]
[Black "Fornaro, Alberto"]
[Result "1-0"]
[WhiteElo "2033"]
[BlackElo "2021"]
[PlyCount "123"]
[EventDate "1999.08.29"]
[EventType "swiss"]
[EventRounds "9"]
[EventCountry "ITA"]
[SourceTitle "EXT 2024"]
[Source "ChessBase"]
[SourceDate "2023.10.10"]
[SourceVersion "1"]
[SourceVersionDate "2023.10.10"]
[SourceQuality "1"]

1. e4 c5 2. c3 d5 3. e5 Nc6 4. d4 Bf5 5. Nf3 e6 6. a3 f6 7. Bd3 Bxd3 8. Qxd3 fxe5 9. dxe5 Qd7 10. 0-0 Nh6 11. Re1 Nf7 12. Bf4 Be7 13. Nbd2 0-0-0 14. b4 c4 15. Qe3 Kb8 16. Rad1 Qc8 17. a4 Rhg8 18. a5 g5 19. Bg3 Rd7 20. Nd4 Nxd4 21. Qxd4 Rdd8 22. f3 Ka8 23. Bf2 Qb8 24. Nb1 Rc8 25. Na3 Nd8 26. Nb5 Nc6 27. Qe3 Rce8 28. Rb1 Rgf8 29. Nd4 Nxd4 30. Qxd4 Bd8 31. Qd1 Bc7 32. Bd4 Rf5 33. Qa4 Re7 34. Bc5 Ref7 35. Bd6 Qc8 36. Bxc7 Rxc7 37. Rbd1 Rcf7 38. Qb5 Rf8 39. Ra1 Qc7 40. a6 b6 41. Re3 Kb8 42. Rd1 Kc8 43. Rde1 Qd7 44. Qxd7+ Kxd7 45. b5 Rf4 46. Rd1 g4 47. Kf2 Ke7 48. h3 gxf3 49. Rxf3 Rxf3+ 50. gxf3 Rf5 51. Re1 Kf7 52. Kg3 Kg6 53. f4 Rf7 54. Rg1 Rc7 55. Kf3+ Kf7 56. h4 Kf8 57. h5 Rg7 58. Rd1 Rf7 59. h6 Ke8 60. Rg1 Rf5 61. Rg8+ Ke7 62. Ra8 1-0